|
|
|
|
| LEADER |
00000nab a2200000 a 4500 |
| 001 |
vtls008963661 |
| 003 |
SK-MaSNL |
| 005 |
20260303070754.0 |
| 008 |
070413c20070202xo dr n 000 00slo |
| 038 |
|
|
|a SVKPOCL
|
| 040 |
|
|
|a SVKPOCL
|b slo
|c AACR2
|e AACR2
|
| 041 |
|
|
|a slo
|
| 044 |
|
|
|a xo
|c SK
|
| 080 |
|
|
|a 37-051
|2 2001
|
| 080 |
|
|
|a 796.071
|2 2001
|
| 100 |
1 |
|
|a Petruš, Andrej
|4 ivr
|4 aut
|9 672594
|
| 245 |
1 |
0 |
|a Basketbal je šport inteligentov
|c Andrej Petruš, Fedor Beniač
|
| 300 |
|
|
|a Fotogr.
|
| 600 |
1 |
7 |
|a Beniač, Fedor
|d 1942-
|2 svkpocl
|9 1068651
|
| 651 |
|
7 |
|a Prešov (Slovensko)
|2 svkpocl
|9 17347
|
| 700 |
1 |
|
|a Beniač, Fedor
|d 1942-
|4 ive
|4 aut
|9 1068651
|
| 773 |
0 |
|
|t Prešovský večerník
|g Roč. XVIII, č. 4130 (2.2.2007), s. 7
|x 1336-4030
|
| 852 |
|
|
|a SVKPO
|b KIS3GCP
|
| 856 |
4 |
1 |
|u www.vecernik.po.sk
|
| 958 |
|
|
|a BX
|
| 999 |
|
|
|c 1756860
|d 1758790
|